|
|
|
|
| LEADER |
01859nam a2200409 a 4500 |
| 001 |
000691564 |
| 003 |
CZ BrMZK |
| 005 |
20090827091718.0 |
| 007 |
ta |
| 008 |
031010s2003 xr a e p 000 0 cze d |
| 015 |
|
|
|a cnb001283846
|
| 020 |
|
|
|a 80-214-2460-5
|q (brož.)
|
| 035 |
|
|
|a (OCoLC)56859209
|
| 040 |
|
|
|a BOA001
|b cze
|
| 072 |
|
7 |
|a 005
|x Management. Řízení
|2 Konspekt
|9 4
|
| 072 |
|
7 |
|a 37.016
|x Učební osnovy. Vyučovací předměty. Učebnice
|2 Konspekt
|9 22
|
| 080 |
|
|
|a 005.6
|2 MRF
|
| 080 |
|
|
|a (075.8)
|2 MRF
|
| 100 |
1 |
|
|a Bradík, Josef,
|d 1971-
|7 jo20010083417
|4 aut
|
| 245 |
1 |
0 |
|a Řízení a zabezpečování jakosti /
|c Josef Bradík, Radovan Novotný
|
| 250 |
|
|
|a Vyd. 1.
|
| 260 |
|
|
|a Brno :
|b Zdeněk Novotný,
|c 2003
|
| 300 |
|
|
|a 149 s. :
|b il. ;
|c 30 cm
|
| 500 |
|
|
|a Vydavatel: Vysoké učení technické, Fakulta elektrotechniky a komunikačních technologií, Ústav mikroelektroniky
|
| 500 |
|
|
|a Náklad 100 výt
|
| 504 |
|
|
|a Obsahuje bibliografii
|
| 650 |
0 |
7 |
|a management jakosti
|7 ph115218
|2 czenas
|
| 655 |
|
7 |
|a učebnice vysokých škol
|7 fd133772
|2 czenas
|
| 700 |
1 |
|
|a Novotný, Radovan
|7 ola2003209179
|4 aut
|
| 710 |
2 |
|
|a Vysoké učení technické v Brně.
|b Ústav mikroelektroniky
|7 kn20010709195
|
| 856 |
4 |
1 |
|u http://www.digitalniknihovna.cz/mzk/uuid/uuid:1f4237d0-d3de-11e2-8f90-005056827e51
|y Digitalizovaný dokument
|x NDK
|
| 910 |
|
|
|a BOA001
|b 3-1125.394
|
| 990 |
|
|
|a BK
|
| 996 |
6 |
|
|b 2610201904
|c 3-1125.394
|l MZK
|r Sklad / do 1 hodiny
|n 1
|p p.v.
|w 000691564
|u 000010
|a 1
|e BOA001
|j MZK50
|s P
|
| 996 |
7 |
|
|b 2610201905
|c 3-1125.394
|l MZK
|r Sklad / do 1 hodiny
|n 20
|p kup
|w 000691564
|u 000020
|a 1
|e BOA001
|j MZK50
|s A
|
| 996 |
7 |
|
|b 2610201906
|c 3-1125.394
|l MZK
|r Sklad / do 1 hodiny
|n 25
|p kup
|w 000691564
|u 000030
|a 1
|e BOA001
|j MZK50
|s A
|
| 996 |
7 |
|
|b 2610201907
|c 3-1125.394
|l MZK
|r Sklad / do 1 hodiny
|n 20
|p kup
|w 000691564
|u 000040
|a 1
|e BOA001
|j MZK50
|s A
|